[Event "LSV Turm Lippstadt 1 - SK Königsspringe"]
[Site "NRW-Klasse, Gruppe 1 2015/201"]
[Date "2015.11.22"]
[Round "3.1"]
[White "Scheider, Julian"]
[Black "Wehmeier, Stefan"]
[Result "1-0"]
[WhiteElo "2291"]
[BlackElo "2393"]
[PlyCount "109"]
[EventDate "2015.??.??"]
[WhiteTeam "SK Königsspringer Iserlohn 1"]
[BlackTeam "LSV Turm Lippstadt 1"]

1. e4 e5 2. Nf3 Nc6 3. d4 exd4 4. Nxd4 Bc5 5. Nxc6 bxc6 6. Bd3 Qh4 7. Qe2 Nf6
8. h3 d5 9. g3 Qh5 10. Qxh5 Nxh5 11. Nc3 O-O 12. Na4 Bd6 13. Be3 Re8 14. O-O-O
dxe4 15. Be2 Nf6 16. c4 Nd7 17. Rd4 f5 18. Rhd1 Nf8 19. Rxd6 cxd6 20. Rxd6 Ne6
21. Rxc6 Bb7 22. Rd6 Rad8 23. Rxd8 Rxd8 24. Nc5 Nxc5 25. Bxc5 a6 26. h4 Kf7 27.
Kc2 Bc6 28. Kc3 Ke6 29. b4 Ba4 30. Bd4 g6 31. b5 Ra8 32. Kb4 Bc2 33. Kc3 Bd3
34. Bxd3 exd3 35. a4 axb5 36. axb5 Ra3+ 37. Kd2 f4 38. gxf4 Kf5 39. Bc3 Kxf4
40. Kxd3 Kf5 41. c5 Ke6 42. Kc4 Ra4+ 43. Bb4 Ra1 44. b6 Kd7 45. Kb5 Kc8 46. Kc6
Rb1 47. Bc3 Rb3 48. Bd4 Rb1 49. Kd6 Rd1 50. Kd5 Rd2 51. c6 Rd1 52. Kc4 Rc1+ 53.
Kb5 Rb1+ 54. Ka6 Rb4 55. Be5 1-0

[Event "LSV Turm Lippstadt 1 - SK Königsspringe"]
[Site "NRW-Klasse, Gruppe 1 2015/201"]
[Date "2015.11.22"]
[Round "3.2"]
[White "Wagner, Alexej"]
[Black "Kramps, Rene"]
[Result "0-1"]
[WhiteElo "2229"]
[BlackElo "2047"]
[Annotator "Hausrath,Daniel"]
[PlyCount "74"]
[EventDate "2015.??.??"]
[WhiteTeam "LSV Turm Lippstadt 1"]
[BlackTeam "SK Königsspringer Iserlohn 1"]

1. d4 e6 2. c4 d5 3. Nc3 f5 4. Nf3 Nf6 5. g3 c6 6. Bg2 Bd6 7. O-O O-O 8. Qc2
Nbd7 9. cxd5 exd5 10. Qxf5 Ne5 11. Qc2 Nxf3+ 12. exf3 Nh5 13. Be3 Bf5 14. Qd2
Qd7 15. Rfe1 Bh3 16. Bh1 Rf6 $11 17. Ne2 Raf8 18. f4 Rg6 19. Bf3 Qf5 20. Kh1
Rh6 21. Rac1 Nf6 22. Qc2 Ne4 23. Nc3 Bg4 24. Bxg4 Qxg4 25. Nxe4 dxe4 26. Qxe4
Rf5 27. Qg2 Rfh5 28. h4 Rg6 29. Rg1 Qe2 $11 30. Qh3 Rg4 31. Kh2 Be7 32. Rce1
Qf3 33. Bd2 Bxh4 34. Re3 Qxf2+ 35. Rg2 Bxg3+ 36. Rexg3 Rxh3+ 37. Kxh3 Rxg3+ 0-1

[Event "LSV Turm Lippstadt 1 - SK Königsspringe"]
[Site "NRW-Klasse, Gruppe 1 2015/201"]
[Date "2015.11.22"]
[Round "3.3"]
[White "Franke, Thomas"]
[Black "Hecht, Carsten"]
[Result "1/2-1/2"]
[WhiteElo "2074"]
[BlackElo "2167"]
[Annotator "Hausrath,Daniel"]
[PlyCount "52"]
[EventDate "2015.??.??"]
[WhiteTeam "SK Königsspringer Iserlohn 1"]
[BlackTeam "LSV Turm Lippstadt 1"]

1. e4 e5 2. Nf3 Nc6 3. Bb5 a6 4. Ba4 Nf6 5. O-O b5 6. Bb3 Bc5 7. c3 d6 8. d4
Bb6 9. h3 O-O 10. a4 Rb8 11. axb5 axb5 12. Re1 h6 13. Na3 exd4 14. cxd4 Na5 15.
Ba2 $11 b4 16. Nc4 Nxc4 17. Bxc4 Nxe4 18. Qb3 Bf5 19. g4 Bg6 20. Bd5 Re8 21.
Bc6 Re7 22. Be3 $11 Qc8 23. Nh4 Bh7 24. Qxb4 Qe6 25. Qb5 Qf6 26. Ng2 g5 1/2-1/2

[Event "LSV Turm Lippstadt 1 - SK Königsspringe"]
[Site "NRW-Klasse, Gruppe 1 2015/201"]
[Date "2015.11.22"]
[Round "3.4"]
[White "Meier, Jan"]
[Black "Kind, Bertram"]
[Result "1/2-1/2"]
[WhiteElo "2041"]
[BlackElo "2170"]
[PlyCount "27"]
[EventDate "2015.??.??"]
[WhiteTeam "LSV Turm Lippstadt 1"]
[BlackTeam "SK Königsspringer Iserlohn 1"]

1. d4 Nf6 2. c4 e6 3. g3 Bb4+ 4. Nd2 O-O 5. Bg2 c5 6. a3 Bxd2+ 7. Qxd2 cxd4 8.
Nf3 Nc6 9. Nxd4 Qb6 10. Nxc6 bxc6 11. b4 d5 12. Bb2 Ba6 13. cxd5 cxd5 14. O-O
1/2-1/2

[Event "LSV Turm Lippstadt 1 - SK Königsspringe"]
[Site "NRW-Klasse, Gruppe 1 2015/201"]
[Date "2015.11.22"]
[Round "3.5"]
[White "Messarius, Juergen"]
[Black "Grobbel, Rainer"]
[Result "1/2-1/2"]
[WhiteElo "2177"]
[BlackElo "2110"]
[Annotator "Hausrath,Daniel"]
[PlyCount "111"]
[EventDate "2015.??.??"]
[WhiteTeam "SK Königsspringer Iserlohn 1"]
[BlackTeam "LSV Turm Lippstadt 1"]

1. e4 c5 2. Nf3 Nc6 3. d4 cxd4 4. Nxd4 g6 5. Nc3 Bg7 6. Be3 Nf6 7. Bc4 O-O 8.
Bb3 a5 9. O-O a4 10. Nxa4 Nxe4 11. Nb5 Ra6 12. c4 d6 13. Qe2 Nf6 14. Rfd1 Na5
15. Rac1 Bd7 16. Bc2 Nc6 17. f3 Nb4 18. a3 Nxc2 19. Qxc2 Qa5 20. Nac3 Rc8 21.
Qe2 Be6 22. b3 Nd7 23. Nd5 Qd8 24. Bg5 Bxd5 25. Rxd5 Nf6 26. Rd2 h6 27. Be3 Qd7
28. Rcd1 Kh7 $11 29. Bf2 Re8 30. a4 Raa8 31. Bb6 Rac8 32. a5 Qc6 33. Na7 Qd7
34. Nxc8 Qxc8 35. b4 Nh5 36. Rc2 Nf4 37. Qe4 Ne6 38. Re1 Qd7 39. f4 Qa4 40. Rb1
f5 41. Qd3 Nxf4 42. Qb3 Qc6 43. Qf3 Qa4 44. Rf2 g5 45. b5 Qxc4 46. g3 Nh3+ 47.
Kg2 e6 48. Qe2 Qxe2 49. Rxe2 g4 50. Rc2 f4 51. gxf4 Nxf4+ 52. Kg3 Nd5 53. Kxg4
Be5 54. Rf1 Kg6 55. h4 h5+ 56. Kf3 1/2-1/2

[Event "LSV Turm Lippstadt 1 - SK Königsspringe"]
[Site "NRW-Klasse, Gruppe 1 2015/201"]
[Date "2015.11.22"]
[Round "3.6"]
[White "Chapman, Alan John"]
[Black "Klauke, Stefan"]
[Result "1-0"]
[WhiteElo "2015"]
[BlackElo "2102"]
[PlyCount "103"]
[EventDate "2015.??.??"]
[WhiteTeam "LSV Turm Lippstadt 1"]
[BlackTeam "SK Königsspringer Iserlohn 1"]

1. d4 Nf6 2. c4 e5 3. d5 c6 4. Nc3 Bb4 5. Bd2 d6 6. e3 O-O 7. Be2 cxd5 8. cxd5
a5 9. Nf3 Na6 10. O-O Nc7 11. Bc4 Bxc3 12. bxc3 b5 13. Be2 Nfxd5 14. e4 Nf6 15.
Bd3 Bb7 16. Re1 Ne6 17. Qb1 Nc5 18. Bc2 Bc6 19. Bg5 h6 20. Bh4 Rb8 21. Nd2 b4
22. c4 g5 23. Bg3 a4 24. Qd1 Qb6 25. Rb1 Qa6 26. f3 Rb7 27. Nf1 Bd7 28. h4 Nh5
29. hxg5 hxg5 30. Qd2 Nf4 31. Bxf4 gxf4 32. Rxb4 Rfb8 33. Rxb7 Rxb7 34. g3 Qxc4
35. gxf4 Rb2 36. Ne3 Qd4 37. Qg2+ Kf8 38. fxe5 Nd3 39. Qg5 Nxe5 40. Qh6+ Ke7
41. Rd1 Qb6 42. Rxd6 Nxf3+ 43. Kf2 Rxc2+ 44. Kxf3 Qxd6 45. Nd5+ Qxd5 46. exd5
Rc3+ 47. Ke4 Bh3 48. Ke5 a3 49. Qd6+ Ke8 50. Qb8+ Bc8 51. Kd6 f5 52. Qa7 1-0

[Event "LSV Turm Lippstadt 1 - SK Königsspringe"]
[Site "NRW-Klasse, Gruppe 1 2015/201"]
[Date "2015.11.22"]
[Round "3.7"]
[White "Schwanbeck, Christoph"]
[Black "Roemhild, Marcus"]
[Result "1/2-1/2"]
[WhiteElo "2076"]
[BlackElo "2026"]
[PlyCount "61"]
[EventDate "2015.??.??"]
[WhiteTeam "SK Königsspringer Iserlohn 1"]
[BlackTeam "LSV Turm Lippstadt 1"]

1. Nf3 c5 2. c3 Nf6 3. d4 b6 4. Bf4 Bb7 5. e3 g6 6. Bd3 Bg7 7. Nbd2 O-O 8. Qe2
d6 9. O-O Nc6 10. Rac1 Re8 11. Bg5 a6 12. Ne4 Nxe4 13. Bxe4 d5 14. Bd3 Qd7 15.
Rfd1 e5 16. dxe5 Nxe5 17. Nxe5 Bxe5 18. Rd2 Qe6 19. Rcd1 h5 20. Bh4 Kg7 21. Bc2
Rac8 22. Rf1 f5 23. Rfd1 Rc7 24. Bg5 Rf7 25. Re1 Qd6 26. g3 Qc6 27. Qf3 Qe6 28.
Qd1 Qc6 29. Qf3 Qe6 30. Qd1 Qc6 31. Qf3 1/2-1/2

[Event "LSV Turm Lippstadt 1 - SK Königsspringe"]
[Site "NRW-Klasse, Gruppe 1 2015/201"]
[Date "2015.11.22"]
[Round "3.8"]
[White "Laurenz, Waldemar"]
[Black "Franz, Christian"]
[Result "1-0"]
[WhiteElo "1938"]
[BlackElo "2000"]
[PlyCount "111"]
[EventDate "2015.??.??"]
[WhiteTeam "LSV Turm Lippstadt 1"]
[BlackTeam "SK Königsspringer Iserlohn 1"]

1. Nf3 Nf6 2. c4 g6 3. Nc3 Bg7 4. e4 d6 5. d4 O-O 6. Be2 e5 7. d5 a5 8. O-O Nh5
9. Bg5 f6 10. Be3 Nf4 11. Bxf4 exf4 12. Qd2 g5 13. Nd4 Na6 14. h3 Nc5 15. Bg4
Nxe4 16. Nxe4 f5 17. Nxg5 Bxd4 18. Qxd4 fxg4 19. Ne6 Bxe6 20. dxe6 gxh3 21.
gxh3 Qf6 22. Qe4 Qg6+ 23. Qxg6+ hxg6 24. Rae1 Rae8 25. Re4 Re7 26. Kg2 Kg7 27.
Kf3 Rh8 28. Kg4 g5 29. Kxg5 Rxh3 30. Rg1 f3 31. Kf5+ Kf8 32. Reg4 Reh7 33. Rg8+
Ke7 34. R1g7+ Rxg7 35. Rxg7+ Kd8 36. Kf6 Rh8 37. Kf7 b6 38. b3 c6 39. Kg6 Ke8
40. Rb7 Rh2 41. Kg5 b5 42. cxb5 cxb5 43. Kf6 Rh6+ 44. Kf5 Rh2 45. Ra7 Rh5+ 46.
Kg4 Re5 47. Rxa5 Ke7 48. a4 Kxe6 49. Rxb5 Re1 50. Kf4 d5 51. Rb6+ Kd7 52. Kxf3
Kc7 53. Rb4 Rb1 54. a5 Kc6 55. a6 Kc5 56. a7 1-0

[Event "SV Kamen 1 - PSV Duisburg 1"]
[Site "NRW-Klasse, Gruppe 1 2015/201"]
[Date "2015.11.22"]
[Round "3.2"]
[White "Luetke, Jens"]
[Black "Maslak, Sulejman"]
[Result "0-1"]
[WhiteElo "2201"]
[BlackElo "2301"]
[PlyCount "60"]
[EventDate "2015.??.??"]
[WhiteTeam "SV Kamen 1"]
[BlackTeam "PSV Duisburg 1"]

1. d4 d5 2. c4 e6 3. Nc3 Bb4 4. Qc2 dxc4 5. Nf3 b5 6. g3 Bb7 7. Bg2 Nf6 8. Bg5
Nbd7 9. a4 c6 10. O-O Qb6 11. e4 a6 12. e5 Nd5 13. Ne4 h6 14. Bd2 Be7 15. b3
cxb3 16. Qxb3 c5 17. axb5 axb5 18. Rxa8+ Bxa8 19. Nd6+ Bxd6 20. exd6 c4 21. Qa3
O-O 22. Ne5 Nxe5 23. Bxd5 Qxd4 24. Bxa8 Qxd2 25. Qc5 Rxa8 26. Qxe5 c3 27. Qxb5
Rd8 28. Qb4 Rxd6 29. Ra1 c2 30. Kg2 Qxb4 0-1

[Event "SV Kamen 1 - PSV Duisburg 1"]
[Site "NRW-Klasse, Gruppe 1 2015/201"]
[Date "2015.11.22"]
[Round "3.3"]
[White "Wengenroth, Walter"]
[Black "Himmel, Hansjoerg"]
[Result "1/2-1/2"]
[WhiteElo "2207"]
[BlackElo "2160"]
[PlyCount "133"]
[EventDate "2015.??.??"]
[WhiteTeam "PSV Duisburg 1"]
[BlackTeam "SV Kamen 1"]

1. e4 c5 2. Nf3 Nc6 3. d4 cxd4 4. Nxd4 e6 5. Nb5 d6 6. c4 Nf6 7. N1c3 a6 8. Na3
b6 9. Be3 Bb7 10. Qb3 Nd7 11. Rd1 Rb8 12. Be2 Be7 13. O-O O-O 14. Nab1 Qc7 15.
a3 Rbc8 16. Qa2 Rfe8 17. Rc1 Nce5 18. Nd2 Bf6 19. Qb1 Qb8 20. Rfd1 Ba8 21. f4
Ng6 22. g3 Rcd8 23. Bf2 Ne7 24. Qd3 Nc5 25. Qc2 Nc6 26. Ndb1 Rc8 27. b4 Nd7 28.
Qd3 Be7 29. Bf3 Red8 30. Bg2 Nf6 31. Qe2 Bf8 32. Na4 Nd7 33. Nbc3 Na7 34. Nb2
b5 35. Bf1 Nf6 36. cxb5 Rxc3 37. Rxc3 Nxb5 38. Re3 Nxe4 39. Be1 Qa7 40. Rdd3
Nd4 41. Rxd4 Qxd4 42. Nd1 Bb7 43. Bg2 Rc8 44. Nf2 d5 45. h3 Qa1 46. Nxe4 dxe4
47. Bxe4 Bxe4 48. Rxe4 Qxa3 49. Rxe6 Rc1 50. Re3 Qxb4 51. Kg2 Qb7+ 52. Qf3 Rc2+
53. Kh1 Qd7 54. g4 Rc6 55. Kg2 g6 56. Re2 h6 57. Rd2 Rd6 58. Ra2 Kh7 59. Ra5
Bg7 60. f5 Qc6 61. fxg6+ fxg6 62. Qxc6 Rxc6 63. Rd5 Re6 64. Bb4 Rb6 65. Be1 Re6
66. Bb4 Rb6 67. Be1 1/2-1/2

[Event "SV Kamen 1 - PSV Duisburg 1"]
[Site "NRW-Klasse, Gruppe 1 2015/201"]
[Date "2015.11.22"]
[Round "3.4"]
[White "Kleinegger, Frank"]
[Black "Heisel, Guido"]
[Result "0-1"]
[WhiteElo "2131"]
[BlackElo "2051"]
[PlyCount "94"]
[EventDate "2015.??.??"]
[WhiteTeam "SV Kamen 1"]
[BlackTeam "PSV Duisburg 1"]

1. c4 e5 2. Nc3 Bb4 3. g3 c6 4. Bg2 Nf6 5. Nf3 d6 6. O-O O-O 7. Qb3 Ba5 8. d3
h6 9. a3 Bb6 10. Qc2 Nh5 11. b4 Qe7 12. Bb2 Bc7 13. d4 f5 14. dxe5 dxe5 15. e3
Be6 16. Na4 Nd7 17. b5 Qf7 18. bxc6 bxc6 19. Rac1 Rac8 20. Nd2 Bb8 21. Nb3 Qe7
22. Na5 e4 23. Nb3 Ne5 24. Qe2 Bf7 25. Nd4 Be8 26. Rfd1 c5 27. Nb5 Nf6 28. Ba1
Bh5 29. Qc2 Bxd1 30. Rxd1 Rfd8 31. Nbc3 Qf7 32. Rxd8+ Rxd8 33. Nxc5 Qxc4 34.
Nb3 Nf3+ 35. Bxf3 exf3 36. Nd4 Be5 37. Nxf3 Bxc3 38. Qxc3 Rd1+ 39. Ne1 Qxc3 40.
Bxc3 Nd5 41. Ba5 Ra1 42. Kg2 Rxa3 43. Bd2 Ra2 44. Nf3 a5 45. Kf1 a4 46. Ke2 a3
47. Nd4 Rb2 0-1

[Event "SV Kamen 1 - PSV Duisburg 1"]
[Site "NRW-Klasse, Gruppe 1 2015/201"]
[Date "2015.11.22"]
[Round "3.5"]
[White "Sponheim, Marko"]
[Black "Kilian, Ralf"]
[Result "1/2-1/2"]
[WhiteElo "1924"]
[BlackElo "2121"]
[PlyCount "34"]
[EventDate "2015.??.??"]
[WhiteTeam "PSV Duisburg 1"]
[BlackTeam "SV Kamen 1"]

1. e4 e6 2. d4 d5 3. Nc3 Nf6 4. exd5 exd5 5. Bd3 Be7 6. Qf3 O-O 7. Nge2 Nc6 8.
a3 Bg4 9. Qg3 Re8 10. O-O Qd7 11. f3 Bf5 12. Rd1 Bg6 13. Qf2 a6 14. Bf4 Bd6 15.
Bxg6 hxg6 16. Bxd6 Qxd6 17. Qg3 Qxg3 1/2-1/2

[Event "SV Kamen 1 - PSV Duisburg 1"]
[Site "NRW-Klasse, Gruppe 1 2015/201"]
[Date "2015.11.22"]
[Round "3.6"]
[White "Georg, Heinz"]
[Black "Sirringhaus, Wilfried"]
[Result "0-1"]
[WhiteElo "2163"]
[BlackElo "2054"]
[PlyCount "88"]
[EventDate "2015.??.??"]
[WhiteTeam "SV Kamen 1"]
[BlackTeam "PSV Duisburg 1"]

1. e4 e5 2. f4 exf4 3. Bc4 b5 4. Bxb5 Qh4+ 5. Kf1 Bb7 6. Qe2 Nf6 7. Nf3 Qh5 8.
Nc3 Bb4 9. e5 Nd5 10. Nxd5 Bxd5 11. d4 g5 12. h4 g4 13. Ng5 f3 14. gxf3 gxf3
15. Qf2 Rg8 16. Bd3 Be7 17. c4 Bb7 18. Rg1 h6 19. Nh7 Rg2 20. Qe3 Qxh4 21. Nf6+
Kd8 22. d5 Qh3 23. Rxg2 Qxg2+ 24. Ke1 Bb4+ 25. Kd1 f2 26. Qf4 c6 27. d6 c5 28.
Nd5 Bxd5 29. cxd5 Qxd5 30. Qf6+ Kc8 31. Kc2 c4 32. Be2 Nc6 33. Qxf2 Nd4+ 34.
Kd1 Nb3+ 35. Kc2 Qe4+ 36. Kd1 Nxa1 37. Bf3 Qd3+ 38. Bd2 Qc2+ 39. Ke1 Bxd2+ 40.
Kf1 Qd3+ 41. Kg2 Be3 42. Qg3 Qc2+ 43. Kh3 Qf5+ 44. Kg2 Qg5 0-1

[Event "SV Kamen 1 - PSV Duisburg 1"]
[Site "NRW-Klasse, Gruppe 1 2015/201"]
[Date "2015.11.22"]
[Round "3.7"]
[White "Brueggemann, Josef"]
[Black "Seepe, Udo"]
[Result "0-1"]
[WhiteElo "1984"]
[BlackElo "2042"]
[PlyCount "94"]
[EventDate "2015.??.??"]
[WhiteTeam "PSV Duisburg 1"]
[BlackTeam "SV Kamen 1"]

1. e4 c5 2. Nf3 g6 3. Nc3 Bg7 4. g3 Nc6 5. Bg2 e6 6. O-O Nge7 7. d3 O-O 8. Re1
d6 9. Bg5 h6 10. Be3 Nd4 11. Qd2 Kh7 12. Nd1 Nec6 13. c3 Nxf3+ 14. Bxf3 e5 15.
Bg2 Be6 16. f4 Qd7 17. Bf2 Rac8 18. Ne3 exf4 19. gxf4 f5 20. Nd5 fxe4 21. dxe4
Bxd5 22. Qxd5 Rxf4 23. Bxc5 Be5 24. Rad1 Rf6 25. Rf1 Rcf8 26. Bd4 Rxf1+ 27.
Rxf1 Rxf1+ 28. Bxf1 Qg4+ 29. Kf2 Qf4+ 30. Ke1 Bxd4 31. cxd4 Qc1+ 32. Ke2 Qc2+
33. Ke3 Qc1+ 34. Ke2 Qxb2+ 35. Ke3 Qc3+ 36. Bd3 Qe1+ 37. Kf3 Qd1+ 38. Kg2 Qd2+
39. Kh1 Qc1+ 40. Kg2 Qb2+ 41. Kh1 Qxd4 42. Qe6 Qe5 43. Qf7+ Qg7 44. Qf4 Qa1+
45. Kg2 Qxa2+ 46. Kg3 Ne5 47. Bf1 Qf7 0-1

[Event "SV Erkenschwick 1 - SF Katernberg 2"]
[Site "NRW-Klasse, Gruppe 1 2015/201"]
[Date "2015.11.22"]
[Round "3.1"]
[White "Scholz, Christian"]
[Black "Willemze, Thomas"]
[Result "0-1"]
[WhiteElo "2333"]
[BlackElo "2398"]
[PlyCount "82"]
[EventDate "2015.??.??"]
[WhiteTeam "SF Katernberg 2"]
[BlackTeam "SV Erkenschwick 1"]

1. d4 c5 2. d5 Nf6 3. Nc3 g6 4. e4 d6 5. Nf3 Bg7 6. h3 O-O 7. Be2 b5 8. Nxb5
Nxe4 9. O-O Bb7 10. Re1 Nd7 11. Bd3 a6 12. Na3 Nef6 13. c4 Nh5 14. Be2 Qb6 15.
Nc2 Rae8 16. g4 Nhf6 17. g5 Nh5 18. Nh2 e6 19. Bxh5 gxh5 20. Ne3 exd5 21. cxd5
Qb4 22. Rf1 f5 23. Qxh5 Rxe3 24. Bxe3 f4 25. g6 Nf6 26. Qh4 fxe3 27. Ng4 hxg6
28. fxe3 Nxg4 29. Qxg4 Qxg4+ 30. hxg4 Re8 31. Kf2 Re4 32. Rg1 Rb4 33. Rab1 Bxd5
34. a3 Rb6 35. b4 Be4 36. Rbc1 cxb4 37. Rc4 d5 38. Rc8+ Kh7 39. axb4 Rxb4 40.
g5 Rb2+ 41. Kg3 Be5+ 0-1

[Event "SV Erkenschwick 1 - SF Katernberg 2"]
[Site "NRW-Klasse, Gruppe 1 2015/201"]
[Date "2015.11.22"]
[Round "3.3"]
[White "Rosen, Bernd"]
[Black "Erwich, Frank"]
[Result "0-1"]
[WhiteElo "2253"]
[BlackElo "2329"]
[PlyCount "116"]
[EventDate "2015.??.??"]
[WhiteTeam "SF Katernberg 2"]
[BlackTeam "SV Erkenschwick 1"]

1. c4 Nf6 2. g3 e6 3. Bg2 d5 4. Nf3 dxc4 5. Na3 Bxa3 6. bxa3 b5 7. Rb1 a6 8. a4
Bb7 9. Ba3 Nbd7 10. O-O c5 11. d4 cxd3 12. exd3 b4 13. Bb2 O-O 14. Rc1 Rc8 15.
Rc4 Bd5 16. Rh4 Re8 17. Re1 Nf8 18. Ne5 Bxg2 19. Kxg2 Qd5+ 20. Kg1 Ng6 21. Nxg6
fxg6 22. Rc4 Nd7 23. a5 Rf8 24. Qe2 e5 25. Qe4 Qxe4 26. dxe4 Rfe8 27. Rd1 Nf6
28. Rd6 Red8 29. Bxe5 Rxd6 30. Bxd6 Nd7 31. Kf1 Kf7 32. Ke2 Ke6 33. Bf4 Ne5 34.
Bxe5 Kxe5 35. f4+ Kd6 36. Rc2 c4 37. Rd2+ Ke6 38. Rd4 Rc5 39. Kd1 g5 40. Kc2
gxf4 41. gxf4 Rxa5 42. Rxc4 Rxa2+ 43. Kb3 Rxh2 44. Rc6+ Kf7 45. Rxa6 h5 46.
Ra7+ Kg8 47. e5 Re2 48. Kxb4 Re4+ 49. Kc5 Rxf4 50. Kd6 Rd4+ 51. Ke6 h4 52. Ra3
Rf4 53. Kd7 g5 54. e6 Rd4+ 55. Ke7 Kg7 56. Ra5 Kg6 57. Kf8 Rd8+ 58. Ke7 Rh8 0-1

[Event "SV Erkenschwick 1 - SF Katernberg 2"]
[Site "NRW-Klasse, Gruppe 1 2015/201"]
[Date "2015.11.22"]
[Round "3.4"]
[White "Langers, Alexander"]
[Black "Wessendorf, Thomas"]
[Result "1-0"]
[WhiteElo "2201"]
[BlackElo "2216"]
[PlyCount "103"]
[EventDate "2015.??.??"]
[WhiteTeam "SV Erkenschwick 1"]
[BlackTeam "SF Katernberg 2"]

1. e4 c5 2. Nf3 d6 3. Bb5+ Nc6 4. O-O Bd7 5. Re1 Nf6 6. c3 a6 7. Bf1 Bg4 8. h3
Bxf3 9. Qxf3 e6 10. d3 Be7 11. Na3 O-O 12. Bf4 d5 13. Rad1 Qa5 14. g4 d4 15.
Bd2 Qc7 16. Rc1 Nd7 17. Qd1 Rad8 18. f4 b5 19. Nc2 Qb6 20. cxd4 cxd4 21. Qf3 a5
22. Bg2 Rc8 23. e5 Rc7 24. Red1 Rfc8 25. Ne1 a4 26. Qe2 Nc5 27. Rc2 b4 28. Rc4
Na6 29. Rdc1 Bc5 30. Bxc6 Rxc6 31. Qe4 b3 32. a3 Qb5 33. Nf3 Nb8 34. Kg2 Ba7
35. Nxd4 Bxd4 36. Qxd4 Qd5+ 37. Qxd5 exd5 38. Rxc6 Rxc6 39. Rxc6 Nxc6 40. Bc3
Kf8 41. Kf3 g6 42. Ke3 Ke7 43. f5 Kd7 44. h4 Na7 45. Kf4 Nb5 46. Bb4 Nd4 47.
Kg5 gxf5 48. gxf5 Nf3+ 49. Kf6 h5 50. Bc5 Ke8 51. e6 fxe6 52. Kxe6 1-0

[Event "SV Erkenschwick 1 - SF Katernberg 2"]
[Site "NRW-Klasse, Gruppe 1 2015/201"]
[Date "2015.11.22"]
[Round "3.5"]
[White "Bee, Marcus"]
[Black "Homs, Guust"]
[Result "1/2-1/2"]
[WhiteElo "2175"]
[BlackElo "2186"]
[PlyCount "34"]
[EventDate "2015.??.??"]
[WhiteTeam "SF Katernberg 2"]
[BlackTeam "SV Erkenschwick 1"]

1. Nf3 d5 2. c4 e6 3. g3 Nf6 4. Bg2 Be7 5. O-O O-O 6. d4 c6 7. Qc2 Nbd7 8. Rd1
Ne4 9. b3 f5 10. Ne1 Ndf6 11. f3 Nd6 12. Nd3 Bd7 13. Ne5 Be8 14. Nc3 Bh5 15. h3
Be8 16. Kh2 Kh8 17. Be3 Rc8 1/2-1/2

[Event "SV Erkenschwick 1 - SF Katernberg 2"]
[Site "NRW-Klasse, Gruppe 1 2015/201"]
[Date "2015.11.22"]
[Round "3.6"]
[White "Van Zutphen, Jimmy"]
[Black "Gassmann, Volker"]
[Result "1-0"]
[WhiteElo "2185"]
[BlackElo "2104"]
[PlyCount "41"]
[EventDate "2015.??.??"]
[WhiteTeam "SV Erkenschwick 1"]
[BlackTeam "SF Katernberg 2"]

1. d4 c5 2. c3 b6 3. Bg5 Bb7 4. e3 g6 5. Nd2 Bg7 6. f3 Nf6 7. Bd3 cxd4 8. exd4
O-O 9. Nh3 d5 10. Qe2 Re8 11. f4 Qd6 12. O-O Nbd7 13. Rae1 e6 14. Bxf6 Nxf6 15.
Ng5 Bc6 16. Ndf3 Qxf4 17. Nxf7 Ng4 18. g3 Qxf7 19. Ng5 Qd7 20. Qxg4 Re7 21.
Nxh7 1-0

[Event "SV Erkenschwick 1 - SF Katernberg 2"]
[Site "NRW-Klasse, Gruppe 1 2015/201"]
[Date "2015.11.22"]
[Round "3.7"]
[White "Kaeding, Rainer"]
[Black "Krings, Christoph"]
[Result "1/2-1/2"]
[WhiteElo "2123"]
[BlackElo "2105"]
[PlyCount "125"]
[EventDate "2015.??.??"]
[WhiteTeam "SF Katernberg 2"]
[BlackTeam "SV Erkenschwick 1"]

1. e4 e6 2. d4 d5 3. Nc3 Nf6 4. Bg5 Be7 5. e5 Nfd7 6. h4 a6 7. Qg4 Bxg5 8. hxg5
c5 9. dxc5 Nxe5 10. Qg3 Nbc6 11. f4 Ng6 12. O-O-O Qc7 13. Nh3 Bd7 14. Bd3 O-O-O
15. Qf2 Nge7 16. f5 exf5 17. Nf4 d4 18. Nfd5 Nxd5 19. Nxd5 Qe5 20. Nb6+ Kb8 21.
Nxd7+ Rxd7 22. Bxf5 Rd5 23. g4 Rxc5 24. Rhe1 Qd5 25. Be4 Qxa2 26. Bxc6 Rxc6 27.
Qxd4 Qa1+ 28. Kd2 Qa5+ 29. Kc1 Qa1+ 30. Kd2 Qa5+ 31. Kc1 Qxg5+ 32. Kb1 Rhc8 33.
Re2 Ka8 34. Qe4 Rc4 35. Rd4 Qc5 36. Red2 h6 37. b3 Rxd4 38. Rxd4 Qc6 39. Qf5 g6
40. Qd3 Qh1+ 41. Kb2 Qc6 42. Rd6 Qc5 43. Rd5 Qe7 44. Rd6 Qe5+ 45. Kb1 Qb5 46.
Qf3 Re8 47. Rd5 Qc6 48. Qxf7 Re2 49. Qf8+ Ka7 50. Rc5 Qe4 51. Rc8 Qd4 52. Ra8+
Kb6 53. Qd8+ Qxd8 54. Rxd8 Re6 55. Rh8 Re4 56. Rxh6 Rxg4 57. Kb2 Rg3 58. Rh7 a5
59. Rg7 Kc6 60. Rg8 b5 61. Ra8 Kb6 62. Rb8+ Kc5 63. Rc8+ 1/2-1/2

[Event "SV Erkenschwick 1 - SF Katernberg 2"]
[Site "NRW-Klasse, Gruppe 1 2015/201"]
[Date "2015.11.22"]
[Round "3.8"]
[White "Strozewski, Frank"]
[Black "Villwock, Martin"]
[Result "1-0"]
[WhiteElo "1957"]
[BlackElo "2100"]
[Annotator "Hausrath,Daniel"]
[PlyCount "87"]
[EventDate "2015.??.??"]
[WhiteTeam "SV Erkenschwick 1"]
[BlackTeam "SF Katernberg 2"]

1. c4 Nf6 2. d4 g6 3. Nc3 Bg7 4. e4 d6 5. g3 O-O 6. Bg2 Nbd7 7. Nge2 e5 8. d5
a5 9. O-O Nc5 10. Be3 Nfd7 11. Qd2 f5 12. f4 Qe7 13. exf5 gxf5 14. Nb5 Nf6 15.
Bxc5 dxc5 16. d6 cxd6 17. Qxd6 Qxd6 18. Nxd6 e4 19. Bh3 Ne8 20. Rfd1 Be6 21.
Nxe4 $11 Bxc4 22. N4c3 Nc7 23. Rd7 Ne6 24. Bg2 Rad8 25. Rxb7 Rd2 26. Bf3 Rfd8
27. Re1 R2d3 28. Bh5 Nd4 29. Kf2 Nc2 30. Rc1 Rd2 31. Kg1 Bd4+ 32. Nxd4 Nxd4 33.
Re1 Nc6 34. Rc7 R2d6 35. b3 Bd3 36. Na4 Be4 37. Nxc5 Rd2 38. Nxe4 fxe4 39. Rxe4
Nd4 40. a4 Rb2 41. Ree7 Nf5 42. Red7 Rb8 43. Bf7+ Kf8 44. Bc4 1-0

[Event "Bahn-SC Wuppertal 1 - SC Rochade Emsdet"]
[Site "NRW-Klasse, Gruppe 1 2015/201"]
[Date "2015.11.22"]
[Round "3.1"]
[White "Kabatianski, Alexander"]
[Black "Savchenko, Vyacheslav"]
[Result "1-0"]
[WhiteElo "2378"]
[BlackElo "2321"]
[PlyCount "89"]
[EventDate "2015.??.??"]
[WhiteTeam "SC Rochade Emsdetten 1"]
[BlackTeam "Bahn-SC Wuppertal 1"]

1. d4 Nf6 2. Nf3 e6 3. g3 c5 4. c4 cxd4 5. Nxd4 a6 6. Bg2 Be7 7. O-O O-O 8. b3
d6 9. Nc3 Qc7 10. Bb2 Re8 11. Rc1 Nbd7 12. Qd2 Nf8 13. Rfd1 Bd7 14. Ba3 Red8
15. e3 Rac8 16. Bb4 Ng6 17. h3 Qb8 18. Rc2 Bf8 19. Qc1 Be8 20. Qa3 h6 21. Qb2
Ne5 22. Rcd2 Ned7 23. Ba5 b6 24. Bb4 Nc5 25. a4 d5 26. cxd5 exd5 27. Nde2 Nce4
28. Bxf8 Kxf8 29. Rd4 Bc6 30. Nf4 Re8 31. Ncxd5 Bxd5 32. Nxd5 Nxd5 33. Rxe4
Rxe4 34. Bxe4 Nc3 35. Rd4 b5 36. Bf5 Rc7 37. Qd2 Ke7 38. Rd7+ Rxd7 39. Qxd7+
Kf8 40. a5 Ne2+ 41. Kf1 Nc1 42. b4 Qe5 43. Qd8+ Qe8 44. Qxe8+ Kxe8 45. Bb1 1-0

[Event "Bahn-SC Wuppertal 1 - SC Rochade Emsdet"]
[Site "NRW-Klasse, Gruppe 1 2015/201"]
[Date "2015.11.22"]
[Round "3.2"]
[White "Khanukov, Boris"]
[Black "Lehmann, Holger"]
[Result "1/2-1/2"]
[WhiteElo "2231"]
[BlackElo "2153"]
[Annotator "Hausrath,Daniel"]
[PlyCount "101"]
[EventDate "2015.??.??"]
[WhiteTeam "Bahn-SC Wuppertal 1"]
[BlackTeam "SC Rochade Emsdetten 1"]

1. Nf3 Nf6 2. c4 g6 3. Nc3 d5 4. cxd5 Nxd5 5. g3 Bg7 6. Bg2 Nb6 7. O-O Nc6 8.
d3 O-O 9. Be3 h6 10. Qc1 Kh7 11. Ne4 Rb8 12. Nc5 Nd7 13. Nd2 Nxc5 14. Bxc5 Nd4
15. Re1 b6 $11 16. Bb4 c5 17. Bc3 Bb7 18. f3 Rc8 19. Qd1 Nf5 20. Nf1 Bd4+ 21.
e3 Bg7 22. Qc2 Rc7 23. Rad1 e6 24. Rd2 Qa8 25. Bxg7 Kxg7 26. Qc3+ Kg8 27. Kf2
Rd7 28. Qf6 Qd8 29. Qxd8 Rfxd8 30. Red1 Ba6 31. e4 Nd4 32. Ne3 Nc6 33. Ng4 Kg7
34. Ke3 Nb4 35. Ne5 Rd6 36. a3 Nc6 37. Nxc6 Rxc6 38. d4 cxd4+ 39. Rxd4 Rxd4 40.
Rxd4 Rc2 41. Rd2 Rxd2 42. Kxd2 e5 43. Bh3 Kf8 44. f4 f6 45. fxe5 $11 fxe5 46.
Be6 Ke7 47. Bd5 Bb5 48. b4 Kd6 49. Ke3 Bf1 50. Bf7 g5 51. Bd5 1/2-1/2